00785nam a2200193 i 4500001000300000245009900003260008900102300003300191500011800224504002400342650004500366650006200411700002800473040000800501041000800509044000800517080002400525008004200549bg00aW drodze do Unii Europejskiej :bPrzewodniczka nie tylko dla kobiet /c[red. Magda Grabowska]. aWarszawa :bFundacja im. Heinricha Bölla. Przedstawicielstwo w Polsce,ccop. 2002. a103, [1] s. :bil. ;c20 cm. aNa okł.: Women's Empowerment Program Heinrich Böll Stiftung: Aspekt, Efka, Gender Studies, PSF Centrum Kobiet. aBibliogr. s. 95-98. 9aKobietaxprawo wspólnotowe europejskie 9aRównouprawnienie płcixprawo wspólnotowe europejskie1 aGrabowska, Magda.eRed. cBPK0 apol aPOL a342.726-055.2(4-67)100824s2002 pl a |000 0 pol